Statistiques concernant Anagrammes - Vocabulaire - Série 02

Cliquez ici pour prendre le quiz!

Statistiques générales

  • Ce quiz a été pris 109 fois
  • Le résultat moyen est 5 sur 10

Statistiques - réponses

IndiceAnagrammeMot% Correct
poèmeAILlai
95%
figureRACERcarre
83%
lâcheVELUEveule
68%
animalERGOTgoret
55%
princesMISERemirs
53%
africaineMELANINEmalienne
48%
poisonRANCIESarsenic
28%
ouvrirREDRESSERdesserrer
27%
morteECORNEESnecrosee
12%
agneauRELAPSEpré-salé
12%

Distribution des résultats

Percentile par nombre de réponses

% des personnes avec chaque résultat

Votre développement - résultats

Vous n’avez pas pris ce quiz